Battleground India : (Record no. 86801)

MARC details
000 -LEADER
fixed length control field 00775nam a22002417a 4500
005 - DATE AND TIME OF LATEST TRANSACTION
control field 20170203151652.0
010 ## - LCCN (DPL NO)
LC control number ENG-110462
020 ## - INTERNATIONAL STANDARD BOOK NUMBER
International Standard Book Number 9789380828497
Terms of availability 599.00
035 ## - SYSTEM CONTROL NUMBER
System control number EN-93994
035 ## - SYSTEM CONTROL NUMBER
System control number B-529566
037 ## - SOURCE OF ACQUISITION
Source of stock number/acquisition DBAD/PUB
037 ## - SOURCE OF ACQUISITION
Source of stock number/acquisition BBB/Ven
Stock number dpl
082 ## - DEWEY DECIMAL CLASSIFICATION NUMBER
Classification number 320.954
100 ## - MAIN ENTRY--PERSONAL NAME
Personal name Dhar, Maloy Krishna
245 ## - TITLE STATEMENT
Title Battleground India :
Statement of responsibility, etc by Maloy Krishna Dhar
Remainder of title prognosis of Hindu-Muslim exclusivism /
260 ## - PUBLICATION, DISTRIBUTION, ETC. (IMPRINT)
Place of publication, distribution, etc New Delhi
Name of publisher, distributor, etc Vitasta Publishing
Date of publication, distribution, etc 2012
270 ## - ADDRESS
Address 2/15, Ansari Road, Darya Ganj
City New Delhi
Postal code 110002
300 ## - PHYSICAL DESCRIPTION
Extent 495p.
Dimensions 24cm(Hb)
500 ## - GENERAL NOTE
General note Includes index
520 ## - SUMMARY, ETC.
Summary, etc 13-14EN
942 ## - ADDED ENTRY ELEMENTS (KOHA)
Source of classification or shelving scheme Dewey Decimal Classification
Item type English Books
Call number suffix DHA
Classification part 320.954
Holdings
Withdrawn status Lost status Not for loan Collection code Home library Current library Date acquired Source of acquisition Cost, normal purchase price Full call number Barcode Copy number Cost, replacement price Koha item type
      Non-fiction Central Library Central Library 11/08/2014 BBB/IN11449/7.11.2013/28/10.10.2013/3.12.2013 599.00 320.954 DHA B-529566 1 599.00 English Books
    Not For Loan Non-fiction D.B.Act.Division D.B.Act.Division 11/07/2014 DBAD/PUB 599.00 320.954 DHA EN-93994 1 599.00 English Books

© Delhi Public Library
Hit Counter
free hit counter